Kinsei buraku no shomondai : Sakai no hisabetsu buraku o chūshin to shite /
Saved in:
| Main Author: | |
|---|---|
| Format: | Book |
| Language: | Japanese |
| Published: |
Sakai :
Komonjo Chōsa Kenkyūkai,
Shōwa 50 [1975]
|
| Subjects: | |
| Tags: |
Add Tag
No Tags, Be the first to tag this record!
|
| LEADER | 01108nam a2200289 i 4500 | ||
|---|---|---|---|
| 001 | 007766930-4 | ||
| 005 | 20024617122053.0 | ||
| 008 | 980416s1975 ja af b 000 0 jpn | ||
| 010 | |a 77801142 /J | ||
| 015 | |a Ja76-17143 | ||
| 035 | 0 | |a ocm38961488 | |
| 040 | |a DLC |c *YNH* |d CStRLIN | ||
| 050 | 0 | 0 | |a HT725.J3 |b M65 |
| 100 | 1 | |6 880-01 |a Mori, Sugio, |d 1918- | |
| 245 | 1 | 0 | |6 880-02 |a Kinsei buraku no shomondai : |b Sakai no hisabetsu buraku o chūshin to shite / |c Mori Sugio cho. |
| 260 | |6 880-03 |a Sakai : |b Komonjo Chōsa Kenkyūkai, |c Shōwa 50 [1975] | ||
| 300 | |a 6, 4, 209 p., [2] leaves of plates : |b ill. ; |c 22 cm. | ||
| 500 | |a Part of illustrative matter in pocket. | ||
| 500 | |a Issued in case. | ||
| 504 | |a Includes bibliographical references. | ||
| 650 | 0 | |a Buraku people |z Japan |z Sakai-shi |x History. | |
| 650 | 0 | |a Buraku people |x History |x Sources. | |
| 880 | 1 | |6 100-01 |a 森杉夫, |d 1918- | |
| 880 | 1 | 0 | |6 245-02 |a 近世部落の諸問題 : |b 堺の被差別部落を中心として / |c 森杉夫著. |
| 880 | |6 260-03 |a 堺 : |b 古文書調查研究会, |c 昭和50 [1975] | ||
| 988 | |a 20021221 | ||
| 906 | |0 DLC | ||


